<?xml version="1.0" encoding="UTF-8"?>
<record
    xmlns:xsi="http://www.w3.org/2001/XMLSchema-instance"
    xsi:schemaLocation="http://www.loc.gov/MARC21/slim http://www.loc.gov/standards/marcxml/schema/MARC21slim.xsd"
    xmlns="http://www.loc.gov/MARC21/slim">

  <leader>00751nas a2200217 454500</leader>
  <controlfield tag="001">12512</controlfield>
  <controlfield tag="005">20260407193504.0</controlfield>
  <controlfield tag="008">260407s1977####ag###########|||spa#d</controlfield>
  <controlfield tag="003">AR-UNSa-BCEJYS</controlfield>
  <datafield tag="040" ind1=" " ind2=" ">
    <subfield code="a">AR-UNSa-BCEJYS</subfield>
    <subfield code="b">spa</subfield>
    <subfield code="c">AR-UNSa-BCEJYS</subfield>
  </datafield>
  <datafield tag="080" ind1=" " ind2=" ">
    <subfield code="a">330</subfield>
    <subfield code="x">Econom&#xED;a en general</subfield>
  </datafield>
  <datafield tag="245" ind1="1" ind2="0">
    <subfield code="a">The Economic Journal</subfield>
    <subfield code="p">The quarterly journal of the royal economic society</subfield>
  </datafield>
  <datafield tag="264" ind1=" " ind2="1">
    <subfield code="a">Cambridge :</subfield>
    <subfield code="b">Cambridge University Press</subfield>
    <subfield code="c">1977</subfield>
  </datafield>
  <datafield tag="310" ind1=" " ind2=" ">
    <subfield code="a">Frecuencia: trimestral</subfield>
  </datafield>
  <datafield tag="942" ind1=" " ind2=" ">
    <subfield code="c">SER</subfield>
  </datafield>
  <datafield tag="590" ind1=" " ind2=" ">
    <subfield code="a">niveau_biblio:s niveau_hierar:1</subfield>
  </datafield>
  <datafield tag="100" ind1="1" ind2=" ">
    <subfield code="a">Royal Economic Society</subfield>
  </datafield>
  <datafield tag="650" ind1=" " ind2=" ">
    <subfield code="a">Pol&#xED;tica monetaria</subfield>
  </datafield>
  <datafield tag="650" ind1=" " ind2=" ">
    <subfield code="a">ECONOMIA</subfield>
  </datafield>
  <datafield tag="856" ind1="4" ind2="1">
    <subfield code="u">https://biblioeco.unsa.edu.ar/pmb/images/revistas/The Economic Journal.jpg</subfield>
    <subfield code="y">Imagen de portada</subfield>
    <subfield code="q">image/jpeg</subfield>
  </datafield>
  <datafield tag="999" ind1=" " ind2=" ">
    <subfield code="c">8449</subfield>
    <subfield code="d">8449</subfield>
  </datafield>
  <datafield tag="952" ind1=" " ind2=" ">
    <subfield code="0">0</subfield>
    <subfield code="1">0</subfield>
    <subfield code="4">0</subfield>
    <subfield code="7">0</subfield>
    <subfield code="a">BCEJYS</subfield>
    <subfield code="b">BCEJYS</subfield>
    <subfield code="c">17</subfield>
    <subfield code="d">2000-11-01</subfield>
    <subfield code="h">Vol. 110, N&#xBA; 467/1 - nov. 2000</subfield>
    <subfield code="l">0</subfield>
    <subfield code="o">H330 JOU 467/1</subfield>
    <subfield code="p">R10058</subfield>
    <subfield code="r">2026-04-10 16:07:17</subfield>
    <subfield code="w">2026-04-10</subfield>
    <subfield code="y">RN</subfield>
  </datafield>
  <datafield tag="952" ind1=" " ind2=" ">
    <subfield code="0">0</subfield>
    <subfield code="1">0</subfield>
    <subfield code="4">0</subfield>
    <subfield code="7">0</subfield>
    <subfield code="a">BCEJYS</subfield>
    <subfield code="b">BCEJYS</subfield>
    <subfield code="c">17</subfield>
    <subfield code="d">2000-11-01</subfield>
    <subfield code="h">Vol. 110, N&#xBA; 467 - nov. 2000</subfield>
    <subfield code="l">0</subfield>
    <subfield code="o">H330 JOU 467</subfield>
    <subfield code="p">R10180</subfield>
    <subfield code="r">2026-04-10 16:07:17</subfield>
    <subfield code="w">2026-04-10</subfield>
    <subfield code="y">RN</subfield>
  </datafield>
  <datafield tag="952" ind1=" " ind2=" ">
    <subfield code="0">0</subfield>
    <subfield code="1">0</subfield>
    <subfield code="4">0</subfield>
    <subfield code="7">0</subfield>
    <subfield code="a">BCEJYS</subfield>
    <subfield code="b">BCEJYS</subfield>
    <subfield code="c">17</subfield>
    <subfield code="d">2000-10-01</subfield>
    <subfield code="h">Vol. 110, N&#xBA; 466 - oct. 2000</subfield>
    <subfield code="l">0</subfield>
    <subfield code="o">H330 JOU 466</subfield>
    <subfield code="p">R09881</subfield>
    <subfield code="r">2026-04-10 16:07:17</subfield>
    <subfield code="w">2026-04-10</subfield>
    <subfield code="y">RN</subfield>
  </datafield>
  <datafield tag="952" ind1=" " ind2=" ">
    <subfield code="0">0</subfield>
    <subfield code="1">0</subfield>
    <subfield code="4">0</subfield>
    <subfield code="7">0</subfield>
    <subfield code="a">BCEJYS</subfield>
    <subfield code="b">BCEJYS</subfield>
    <subfield code="c">17</subfield>
    <subfield code="d">2000-07-01</subfield>
    <subfield code="h">Vol. 110, N&#xBA; 465 - jul. 2000</subfield>
    <subfield code="l">0</subfield>
    <subfield code="o">H330 JOU 465</subfield>
    <subfield code="p">R10182</subfield>
    <subfield code="r">2026-04-10 16:07:17</subfield>
    <subfield code="w">2026-04-10</subfield>
    <subfield code="y">RN</subfield>
  </datafield>
  <datafield tag="952" ind1=" " ind2=" ">
    <subfield code="0">0</subfield>
    <subfield code="1">0</subfield>
    <subfield code="4">0</subfield>
    <subfield code="7">0</subfield>
    <subfield code="a">BCEJYS</subfield>
    <subfield code="b">BCEJYS</subfield>
    <subfield code="c">17</subfield>
    <subfield code="d">2000-06-01</subfield>
    <subfield code="h">Vol. 110, N&#xBA; 464 - jun. 2000</subfield>
    <subfield code="l">0</subfield>
    <subfield code="o">H330 JOU 464</subfield>
    <subfield code="p">R10134</subfield>
    <subfield code="r">2026-04-10 16:07:17</subfield>
    <subfield code="w">2026-04-10</subfield>
    <subfield code="y">RN</subfield>
  </datafield>
  <datafield tag="952" ind1=" " ind2=" ">
    <subfield code="0">0</subfield>
    <subfield code="1">0</subfield>
    <subfield code="4">0</subfield>
    <subfield code="7">0</subfield>
    <subfield code="a">BCEJYS</subfield>
    <subfield code="b">BCEJYS</subfield>
    <subfield code="c">17</subfield>
    <subfield code="d">2000-04-01</subfield>
    <subfield code="h">Vol. 110, N&#xBA; 463 - abr. 2000</subfield>
    <subfield code="l">0</subfield>
    <subfield code="o">H330 JOU 463</subfield>
    <subfield code="p">R09880</subfield>
    <subfield code="r">2026-04-10 16:07:17</subfield>
    <subfield code="w">2026-04-10</subfield>
    <subfield code="y">RN</subfield>
  </datafield>
  <datafield tag="952" ind1=" " ind2=" ">
    <subfield code="0">0</subfield>
    <subfield code="1">0</subfield>
    <subfield code="4">0</subfield>
    <subfield code="7">0</subfield>
    <subfield code="a">BCEJYS</subfield>
    <subfield code="b">BCEJYS</subfield>
    <subfield code="c">17</subfield>
    <subfield code="d">2000-03-01</subfield>
    <subfield code="h">Vol. 110, N&#xBA; 462 - mar. 2000</subfield>
    <subfield code="l">0</subfield>
    <subfield code="o">H330 JOU 462</subfield>
    <subfield code="p">R09879</subfield>
    <subfield code="r">2026-04-10 16:07:17</subfield>
    <subfield code="w">2026-04-10</subfield>
    <subfield code="y">RN</subfield>
  </datafield>
  <datafield tag="952" ind1=" " ind2=" ">
    <subfield code="0">0</subfield>
    <subfield code="1">0</subfield>
    <subfield code="4">0</subfield>
    <subfield code="7">0</subfield>
    <subfield code="a">BCEJYS</subfield>
    <subfield code="b">BCEJYS</subfield>
    <subfield code="c">17</subfield>
    <subfield code="d">2000-02-01</subfield>
    <subfield code="h">Vol. 110, N&#xBA; 461 - feb. 2000</subfield>
    <subfield code="l">0</subfield>
    <subfield code="o">H330 JOU 461</subfield>
    <subfield code="p">R09876</subfield>
    <subfield code="r">2026-04-10 16:07:17</subfield>
    <subfield code="w">2026-04-10</subfield>
    <subfield code="y">RN</subfield>
  </datafield>
  <datafield tag="952" ind1=" " ind2=" ">
    <subfield code="0">0</subfield>
    <subfield code="1">0</subfield>
    <subfield code="4">0</subfield>
    <subfield code="7">0</subfield>
    <subfield code="a">BCEJYS</subfield>
    <subfield code="b">BCEJYS</subfield>
    <subfield code="c">17</subfield>
    <subfield code="d">2000-01-01</subfield>
    <subfield code="h">Vol. 110, N&#xBA; 460 - ene. 2000</subfield>
    <subfield code="l">0</subfield>
    <subfield code="o">H330 JOU 460</subfield>
    <subfield code="p">R09751</subfield>
    <subfield code="r">2026-04-10 16:07:17</subfield>
    <subfield code="w">2026-04-10</subfield>
    <subfield code="y">RN</subfield>
  </datafield>
  <datafield tag="952" ind1=" " ind2=" ">
    <subfield code="0">0</subfield>
    <subfield code="1">0</subfield>
    <subfield code="4">0</subfield>
    <subfield code="7">0</subfield>
    <subfield code="a">BCEJYS</subfield>
    <subfield code="b">BCEJYS</subfield>
    <subfield code="c">17</subfield>
    <subfield code="d">1999-11-01</subfield>
    <subfield code="h">Vol. 109, N&#xBA; 459 - nov. 1999</subfield>
    <subfield code="l">0</subfield>
    <subfield code="o">H330 JOU 459</subfield>
    <subfield code="p">R10190</subfield>
    <subfield code="r">2026-04-10 16:07:17</subfield>
    <subfield code="w">2026-04-10</subfield>
    <subfield code="y">RN</subfield>
  </datafield>
  <datafield tag="952" ind1=" " ind2=" ">
    <subfield code="0">0</subfield>
    <subfield code="1">0</subfield>
    <subfield code="4">0</subfield>
    <subfield code="7">0</subfield>
    <subfield code="a">BCEJYS</subfield>
    <subfield code="b">BCEJYS</subfield>
    <subfield code="c">17</subfield>
    <subfield code="d">1997-09-01</subfield>
    <subfield code="h">Vol. 107, N&#xBA; 444 - sep. 1997</subfield>
    <subfield code="l">0</subfield>
    <subfield code="o">H330 JOU 444</subfield>
    <subfield code="p">R10189</subfield>
    <subfield code="r">2026-04-10 16:07:17</subfield>
    <subfield code="w">2026-04-10</subfield>
    <subfield code="y">RN</subfield>
  </datafield>
  <datafield tag="952" ind1=" " ind2=" ">
    <subfield code="0">0</subfield>
    <subfield code="1">0</subfield>
    <subfield code="4">0</subfield>
    <subfield code="7">0</subfield>
    <subfield code="a">BCEJYS</subfield>
    <subfield code="b">BCEJYS</subfield>
    <subfield code="c">17</subfield>
    <subfield code="d">1997-07-01</subfield>
    <subfield code="h">Vol. 107, N&#xBA; 443 - jul. 1997</subfield>
    <subfield code="l">0</subfield>
    <subfield code="o">H330 JOU 443</subfield>
    <subfield code="p">R10188</subfield>
    <subfield code="r">2026-04-10 16:07:17</subfield>
    <subfield code="w">2026-04-10</subfield>
    <subfield code="y">RN</subfield>
  </datafield>
  <datafield tag="952" ind1=" " ind2=" ">
    <subfield code="0">0</subfield>
    <subfield code="1">0</subfield>
    <subfield code="4">0</subfield>
    <subfield code="7">0</subfield>
    <subfield code="a">BCEJYS</subfield>
    <subfield code="b">BCEJYS</subfield>
    <subfield code="c">17</subfield>
    <subfield code="d">1997-05-01</subfield>
    <subfield code="h">Vol. 107, N&#xBA; 442 - may. 1997</subfield>
    <subfield code="l">0</subfield>
    <subfield code="o">H330 JOU 442</subfield>
    <subfield code="p">R10187</subfield>
    <subfield code="r">2026-04-10 16:07:17</subfield>
    <subfield code="w">2026-04-10</subfield>
    <subfield code="y">RN</subfield>
  </datafield>
  <datafield tag="952" ind1=" " ind2=" ">
    <subfield code="0">0</subfield>
    <subfield code="1">0</subfield>
    <subfield code="4">0</subfield>
    <subfield code="7">0</subfield>
    <subfield code="a">BCEJYS</subfield>
    <subfield code="b">BCEJYS</subfield>
    <subfield code="c">17</subfield>
    <subfield code="d">1983-12-01</subfield>
    <subfield code="h">Vol. 93, N&#xBA; 372 - dic. 1983</subfield>
    <subfield code="l">0</subfield>
    <subfield code="o">H330 JOU 372</subfield>
    <subfield code="p">R06275</subfield>
    <subfield code="r">2026-04-10 16:07:17</subfield>
    <subfield code="w">2026-04-10</subfield>
    <subfield code="y">RN</subfield>
  </datafield>
  <datafield tag="952" ind1=" " ind2=" ">
    <subfield code="0">0</subfield>
    <subfield code="1">0</subfield>
    <subfield code="4">0</subfield>
    <subfield code="7">0</subfield>
    <subfield code="a">BCEJYS</subfield>
    <subfield code="b">BCEJYS</subfield>
    <subfield code="c">17</subfield>
    <subfield code="d">1983-09-01</subfield>
    <subfield code="h">Vol. 93, N&#xBA; 371 - set. 1983</subfield>
    <subfield code="l">0</subfield>
    <subfield code="o">H330 JOU 371</subfield>
    <subfield code="p">R06274</subfield>
    <subfield code="r">2026-04-10 16:07:17</subfield>
    <subfield code="w">2026-04-10</subfield>
    <subfield code="y">RN</subfield>
  </datafield>
  <datafield tag="952" ind1=" " ind2=" ">
    <subfield code="0">0</subfield>
    <subfield code="1">0</subfield>
    <subfield code="4">0</subfield>
    <subfield code="7">0</subfield>
    <subfield code="a">BCEJYS</subfield>
    <subfield code="b">BCEJYS</subfield>
    <subfield code="c">17</subfield>
    <subfield code="d">1983-06-01</subfield>
    <subfield code="h">Vol. 93, N&#xBA; 370 - jun. 1983</subfield>
    <subfield code="l">0</subfield>
    <subfield code="o">H330 JOU 370</subfield>
    <subfield code="p">R06273</subfield>
    <subfield code="r">2026-04-10 16:07:17</subfield>
    <subfield code="w">2026-04-10</subfield>
    <subfield code="y">RN</subfield>
  </datafield>
  <datafield tag="952" ind1=" " ind2=" ">
    <subfield code="0">0</subfield>
    <subfield code="1">0</subfield>
    <subfield code="4">0</subfield>
    <subfield code="7">0</subfield>
    <subfield code="a">BCEJYS</subfield>
    <subfield code="b">BCEJYS</subfield>
    <subfield code="c">17</subfield>
    <subfield code="d">1983-03-01</subfield>
    <subfield code="h">Vol. 93, N&#xBA; 369 - mar. 1983</subfield>
    <subfield code="l">0</subfield>
    <subfield code="o">H330 JOU 369</subfield>
    <subfield code="p">R06272</subfield>
    <subfield code="r">2026-04-10 16:07:17</subfield>
    <subfield code="w">2026-04-10</subfield>
    <subfield code="y">RN</subfield>
  </datafield>
  <datafield tag="952" ind1=" " ind2=" ">
    <subfield code="0">0</subfield>
    <subfield code="1">0</subfield>
    <subfield code="4">0</subfield>
    <subfield code="7">0</subfield>
    <subfield code="a">BCEJYS</subfield>
    <subfield code="b">BCEJYS</subfield>
    <subfield code="c">17</subfield>
    <subfield code="d">1982-12-01</subfield>
    <subfield code="h">Vol. 92, N&#xBA; 368 - dic. 1982</subfield>
    <subfield code="l">0</subfield>
    <subfield code="o">H330 JOU 368</subfield>
    <subfield code="p">R06271</subfield>
    <subfield code="r">2026-04-10 16:07:17</subfield>
    <subfield code="w">2026-04-10</subfield>
    <subfield code="y">RN</subfield>
  </datafield>
  <datafield tag="952" ind1=" " ind2=" ">
    <subfield code="0">0</subfield>
    <subfield code="1">0</subfield>
    <subfield code="4">0</subfield>
    <subfield code="7">0</subfield>
    <subfield code="a">BCEJYS</subfield>
    <subfield code="b">BCEJYS</subfield>
    <subfield code="c">17</subfield>
    <subfield code="d">1982-09-01</subfield>
    <subfield code="h">Vol. 92, N&#xBA; 367 - set. 1982</subfield>
    <subfield code="l">0</subfield>
    <subfield code="o">H330 JOU 367</subfield>
    <subfield code="p">R06270</subfield>
    <subfield code="r">2026-04-10 16:07:17</subfield>
    <subfield code="w">2026-04-10</subfield>
    <subfield code="y">RN</subfield>
  </datafield>
  <datafield tag="952" ind1=" " ind2=" ">
    <subfield code="0">0</subfield>
    <subfield code="1">0</subfield>
    <subfield code="4">0</subfield>
    <subfield code="7">0</subfield>
    <subfield code="a">BCEJYS</subfield>
    <subfield code="b">BCEJYS</subfield>
    <subfield code="c">17</subfield>
    <subfield code="d">1982-06-01</subfield>
    <subfield code="h">Vol. 92, N&#xBA; 366 - jun. 1982</subfield>
    <subfield code="l">0</subfield>
    <subfield code="o">H330 JOU 366</subfield>
    <subfield code="p">R06269</subfield>
    <subfield code="r">2026-04-10 16:07:17</subfield>
    <subfield code="w">2026-04-10</subfield>
    <subfield code="y">RN</subfield>
  </datafield>
  <datafield tag="952" ind1=" " ind2=" ">
    <subfield code="0">0</subfield>
    <subfield code="1">0</subfield>
    <subfield code="4">0</subfield>
    <subfield code="7">0</subfield>
    <subfield code="a">BCEJYS</subfield>
    <subfield code="b">BCEJYS</subfield>
    <subfield code="c">17</subfield>
    <subfield code="d">1982-03-01</subfield>
    <subfield code="h">Vol. 92, N&#xBA; 365 - mar. 1982</subfield>
    <subfield code="l">0</subfield>
    <subfield code="o">H330 JOU 365</subfield>
    <subfield code="p">R07231</subfield>
    <subfield code="r">2026-04-10 16:07:17</subfield>
    <subfield code="w">2026-04-10</subfield>
    <subfield code="y">RN</subfield>
  </datafield>
  <datafield tag="952" ind1=" " ind2=" ">
    <subfield code="0">0</subfield>
    <subfield code="1">0</subfield>
    <subfield code="4">0</subfield>
    <subfield code="7">0</subfield>
    <subfield code="a">BCEJYS</subfield>
    <subfield code="b">BCEJYS</subfield>
    <subfield code="c">17</subfield>
    <subfield code="d">1981-12-01</subfield>
    <subfield code="h">Vol. 91, N&#xBA; 364 - dic. 1981</subfield>
    <subfield code="l">0</subfield>
    <subfield code="o">H330 JOU 364</subfield>
    <subfield code="p">R07230</subfield>
    <subfield code="r">2026-04-10 16:07:17</subfield>
    <subfield code="w">2026-04-10</subfield>
    <subfield code="y">RN</subfield>
  </datafield>
  <datafield tag="952" ind1=" " ind2=" ">
    <subfield code="0">0</subfield>
    <subfield code="1">0</subfield>
    <subfield code="4">0</subfield>
    <subfield code="7">0</subfield>
    <subfield code="a">BCEJYS</subfield>
    <subfield code="b">BCEJYS</subfield>
    <subfield code="c">17</subfield>
    <subfield code="d">1981-09-01</subfield>
    <subfield code="h">Vol. 91, N&#xBA; 363 - sep. 1981</subfield>
    <subfield code="l">0</subfield>
    <subfield code="o">H330 JOU 363</subfield>
    <subfield code="p">R07229</subfield>
    <subfield code="r">2026-04-10 16:07:17</subfield>
    <subfield code="w">2026-04-10</subfield>
    <subfield code="y">RN</subfield>
  </datafield>
  <datafield tag="952" ind1=" " ind2=" ">
    <subfield code="0">0</subfield>
    <subfield code="1">0</subfield>
    <subfield code="4">0</subfield>
    <subfield code="7">0</subfield>
    <subfield code="a">BCEJYS</subfield>
    <subfield code="b">BCEJYS</subfield>
    <subfield code="c">17</subfield>
    <subfield code="d">1981-06-01</subfield>
    <subfield code="h">Vol. 91, N&#xBA; 362 - jun. 1981</subfield>
    <subfield code="l">0</subfield>
    <subfield code="o">H330 JOU 362</subfield>
    <subfield code="p">R06268</subfield>
    <subfield code="r">2026-04-10 16:07:17</subfield>
    <subfield code="w">2026-04-10</subfield>
    <subfield code="y">RN</subfield>
  </datafield>
  <datafield tag="952" ind1=" " ind2=" ">
    <subfield code="0">0</subfield>
    <subfield code="1">0</subfield>
    <subfield code="4">0</subfield>
    <subfield code="7">0</subfield>
    <subfield code="a">BCEJYS</subfield>
    <subfield code="b">BCEJYS</subfield>
    <subfield code="c">17</subfield>
    <subfield code="d">1981-03-01</subfield>
    <subfield code="h">Vol. 91, N&#xBA; 361 - mar. 1981</subfield>
    <subfield code="l">0</subfield>
    <subfield code="o">H330 JOU 361</subfield>
    <subfield code="p">R06267</subfield>
    <subfield code="r">2026-04-10 16:07:17</subfield>
    <subfield code="w">2026-04-10</subfield>
    <subfield code="y">RN</subfield>
  </datafield>
  <datafield tag="952" ind1=" " ind2=" ">
    <subfield code="0">0</subfield>
    <subfield code="1">0</subfield>
    <subfield code="4">0</subfield>
    <subfield code="7">0</subfield>
    <subfield code="a">BCEJYS</subfield>
    <subfield code="b">BCEJYS</subfield>
    <subfield code="c">17</subfield>
    <subfield code="d">1980-12-01</subfield>
    <subfield code="h">Vol. 90, N&#xBA; 360 - dic. 1980</subfield>
    <subfield code="l">0</subfield>
    <subfield code="o">H330 JOU 360</subfield>
    <subfield code="p">R06266</subfield>
    <subfield code="r">2026-04-10 16:07:17</subfield>
    <subfield code="w">2026-04-10</subfield>
    <subfield code="y">RN</subfield>
  </datafield>
  <datafield tag="952" ind1=" " ind2=" ">
    <subfield code="0">0</subfield>
    <subfield code="1">0</subfield>
    <subfield code="4">0</subfield>
    <subfield code="7">0</subfield>
    <subfield code="a">BCEJYS</subfield>
    <subfield code="b">BCEJYS</subfield>
    <subfield code="c">17</subfield>
    <subfield code="d">1980-09-01</subfield>
    <subfield code="h">Vol. 90, N&#xBA; 359 - set. 1980</subfield>
    <subfield code="l">0</subfield>
    <subfield code="o">H330 JOU 359</subfield>
    <subfield code="p">R06265</subfield>
    <subfield code="r">2026-04-10 16:07:17</subfield>
    <subfield code="w">2026-04-10</subfield>
    <subfield code="y">RN</subfield>
  </datafield>
  <datafield tag="952" ind1=" " ind2=" ">
    <subfield code="0">0</subfield>
    <subfield code="1">0</subfield>
    <subfield code="4">0</subfield>
    <subfield code="7">0</subfield>
    <subfield code="a">BCEJYS</subfield>
    <subfield code="b">BCEJYS</subfield>
    <subfield code="c">17</subfield>
    <subfield code="d">1980-06-01</subfield>
    <subfield code="h">Vol. 90, N&#xBA; 358 - jun. 1980</subfield>
    <subfield code="l">0</subfield>
    <subfield code="o">H330 JOU 358</subfield>
    <subfield code="p">R06264</subfield>
    <subfield code="r">2026-04-10 16:07:17</subfield>
    <subfield code="w">2026-04-10</subfield>
    <subfield code="y">RN</subfield>
  </datafield>
  <datafield tag="952" ind1=" " ind2=" ">
    <subfield code="0">0</subfield>
    <subfield code="1">0</subfield>
    <subfield code="4">0</subfield>
    <subfield code="7">0</subfield>
    <subfield code="a">BCEJYS</subfield>
    <subfield code="b">BCEJYS</subfield>
    <subfield code="c">17</subfield>
    <subfield code="d">1980-03-01</subfield>
    <subfield code="h">Vol. 90, N&#xBA; 357 - mar. 1980</subfield>
    <subfield code="l">0</subfield>
    <subfield code="o">H330 JOU 357</subfield>
    <subfield code="p">R06263</subfield>
    <subfield code="r">2026-04-10 16:07:17</subfield>
    <subfield code="w">2026-04-10</subfield>
    <subfield code="y">RN</subfield>
  </datafield>
  <datafield tag="952" ind1=" " ind2=" ">
    <subfield code="0">0</subfield>
    <subfield code="1">0</subfield>
    <subfield code="4">0</subfield>
    <subfield code="7">0</subfield>
    <subfield code="a">BCEJYS</subfield>
    <subfield code="b">BCEJYS</subfield>
    <subfield code="c">17</subfield>
    <subfield code="d">1979-12-01</subfield>
    <subfield code="h">Vol. 89, N&#xBA; 356 - dic. 1979</subfield>
    <subfield code="l">0</subfield>
    <subfield code="o">H330 JOU 356</subfield>
    <subfield code="p">R06262</subfield>
    <subfield code="r">2026-04-10 16:07:17</subfield>
    <subfield code="w">2026-04-10</subfield>
    <subfield code="y">RN</subfield>
  </datafield>
  <datafield tag="952" ind1=" " ind2=" ">
    <subfield code="0">0</subfield>
    <subfield code="1">0</subfield>
    <subfield code="4">0</subfield>
    <subfield code="7">0</subfield>
    <subfield code="a">BCEJYS</subfield>
    <subfield code="b">BCEJYS</subfield>
    <subfield code="c">17</subfield>
    <subfield code="d">1979-09-01</subfield>
    <subfield code="h">Vol. 89, N&#xBA; 355 - set. 1979</subfield>
    <subfield code="l">0</subfield>
    <subfield code="o">H330 JOU 355</subfield>
    <subfield code="p">R06261</subfield>
    <subfield code="r">2026-04-10 16:07:17</subfield>
    <subfield code="w">2026-04-10</subfield>
    <subfield code="y">RN</subfield>
  </datafield>
  <datafield tag="952" ind1=" " ind2=" ">
    <subfield code="0">0</subfield>
    <subfield code="1">0</subfield>
    <subfield code="4">0</subfield>
    <subfield code="7">0</subfield>
    <subfield code="a">BCEJYS</subfield>
    <subfield code="b">BCEJYS</subfield>
    <subfield code="c">17</subfield>
    <subfield code="d">1979-06-01</subfield>
    <subfield code="h">Vol. 89, N&#xBA; 354 - jun. 1979</subfield>
    <subfield code="l">0</subfield>
    <subfield code="o">H330 JOU 354</subfield>
    <subfield code="p">R06260</subfield>
    <subfield code="r">2026-04-10 16:07:17</subfield>
    <subfield code="w">2026-04-10</subfield>
    <subfield code="y">RN</subfield>
  </datafield>
  <datafield tag="952" ind1=" " ind2=" ">
    <subfield code="0">0</subfield>
    <subfield code="1">0</subfield>
    <subfield code="4">0</subfield>
    <subfield code="7">0</subfield>
    <subfield code="a">BCEJYS</subfield>
    <subfield code="b">BCEJYS</subfield>
    <subfield code="c">17</subfield>
    <subfield code="d">1979-03-01</subfield>
    <subfield code="h">Vol. 89, N&#xBA; 353 - mar. 1979</subfield>
    <subfield code="l">0</subfield>
    <subfield code="o">H330 JOU 353</subfield>
    <subfield code="p">R06259</subfield>
    <subfield code="r">2026-04-10 16:07:17</subfield>
    <subfield code="w">2026-04-10</subfield>
    <subfield code="y">RN</subfield>
  </datafield>
  <datafield tag="952" ind1=" " ind2=" ">
    <subfield code="0">0</subfield>
    <subfield code="1">0</subfield>
    <subfield code="4">0</subfield>
    <subfield code="7">0</subfield>
    <subfield code="a">BCEJYS</subfield>
    <subfield code="b">BCEJYS</subfield>
    <subfield code="c">17</subfield>
    <subfield code="d">1978-12-01</subfield>
    <subfield code="h">Vol. 88, N&#xBA; 352 - dic. 1978</subfield>
    <subfield code="l">0</subfield>
    <subfield code="o">H330 JOU 352</subfield>
    <subfield code="p">R06258</subfield>
    <subfield code="r">2026-04-10 16:07:17</subfield>
    <subfield code="w">2026-04-10</subfield>
    <subfield code="y">RN</subfield>
  </datafield>
  <datafield tag="952" ind1=" " ind2=" ">
    <subfield code="0">0</subfield>
    <subfield code="1">0</subfield>
    <subfield code="4">0</subfield>
    <subfield code="7">0</subfield>
    <subfield code="a">BCEJYS</subfield>
    <subfield code="b">BCEJYS</subfield>
    <subfield code="c">17</subfield>
    <subfield code="d">1978-09-01</subfield>
    <subfield code="h">Vol. 88, N&#xBA; 351 - set. 1978</subfield>
    <subfield code="l">0</subfield>
    <subfield code="o">H330 JOU 351</subfield>
    <subfield code="p">R06257</subfield>
    <subfield code="r">2026-04-10 16:07:17</subfield>
    <subfield code="w">2026-04-10</subfield>
    <subfield code="y">RN</subfield>
  </datafield>
  <datafield tag="952" ind1=" " ind2=" ">
    <subfield code="0">0</subfield>
    <subfield code="1">0</subfield>
    <subfield code="4">0</subfield>
    <subfield code="7">0</subfield>
    <subfield code="a">BCEJYS</subfield>
    <subfield code="b">BCEJYS</subfield>
    <subfield code="c">17</subfield>
    <subfield code="d">1978-06-01</subfield>
    <subfield code="h">Vol. 88, N&#xBA; 350 - jun. 1978</subfield>
    <subfield code="l">0</subfield>
    <subfield code="o">H330 JOU 350</subfield>
    <subfield code="p">R06256</subfield>
    <subfield code="r">2026-04-10 16:07:17</subfield>
    <subfield code="w">2026-04-10</subfield>
    <subfield code="y">RN</subfield>
  </datafield>
  <datafield tag="952" ind1=" " ind2=" ">
    <subfield code="0">0</subfield>
    <subfield code="1">0</subfield>
    <subfield code="4">0</subfield>
    <subfield code="7">0</subfield>
    <subfield code="a">BCEJYS</subfield>
    <subfield code="b">BCEJYS</subfield>
    <subfield code="c">17</subfield>
    <subfield code="d">1978-03-01</subfield>
    <subfield code="h">Vol. 88, N&#xBA; 349 - mar. 1978</subfield>
    <subfield code="l">0</subfield>
    <subfield code="o">H330 JOU 349</subfield>
    <subfield code="p">R06255</subfield>
    <subfield code="r">2026-04-10 16:07:17</subfield>
    <subfield code="w">2026-04-10</subfield>
    <subfield code="y">RN</subfield>
  </datafield>
  <datafield tag="952" ind1=" " ind2=" ">
    <subfield code="0">0</subfield>
    <subfield code="1">0</subfield>
    <subfield code="4">0</subfield>
    <subfield code="7">0</subfield>
    <subfield code="a">BCEJYS</subfield>
    <subfield code="b">BCEJYS</subfield>
    <subfield code="c">17</subfield>
    <subfield code="d">1977-12-01</subfield>
    <subfield code="h">Vol. 87, N&#xBA; 348 - dic. 1977</subfield>
    <subfield code="l">0</subfield>
    <subfield code="o">H330 JOU 348</subfield>
    <subfield code="p">R06254</subfield>
    <subfield code="r">2026-04-10 16:07:17</subfield>
    <subfield code="w">2026-04-10</subfield>
    <subfield code="y">RN</subfield>
  </datafield>
  <datafield tag="952" ind1=" " ind2=" ">
    <subfield code="0">0</subfield>
    <subfield code="1">0</subfield>
    <subfield code="4">0</subfield>
    <subfield code="7">0</subfield>
    <subfield code="a">BCEJYS</subfield>
    <subfield code="b">BCEJYS</subfield>
    <subfield code="c">17</subfield>
    <subfield code="d">1977-09-01</subfield>
    <subfield code="h">Vol. 97, N&#xBA; 347 - set. 1977</subfield>
    <subfield code="l">0</subfield>
    <subfield code="o">H330 JOU 347</subfield>
    <subfield code="p">R06253</subfield>
    <subfield code="r">2026-04-10 16:07:17</subfield>
    <subfield code="w">2026-04-10</subfield>
    <subfield code="y">RN</subfield>
  </datafield>
  <datafield tag="952" ind1=" " ind2=" ">
    <subfield code="0">0</subfield>
    <subfield code="1">0</subfield>
    <subfield code="4">0</subfield>
    <subfield code="7">0</subfield>
    <subfield code="a">BCEJYS</subfield>
    <subfield code="b">BCEJYS</subfield>
    <subfield code="c">17</subfield>
    <subfield code="d">1977-06-01</subfield>
    <subfield code="h">Vol. 87, N&#xBA; 346 - jun. 1977</subfield>
    <subfield code="l">0</subfield>
    <subfield code="o">H330 JOU 346</subfield>
    <subfield code="p">R06252</subfield>
    <subfield code="r">2026-04-10 16:07:17</subfield>
    <subfield code="w">2026-04-10</subfield>
    <subfield code="y">RN</subfield>
  </datafield>
  <datafield tag="952" ind1=" " ind2=" ">
    <subfield code="0">0</subfield>
    <subfield code="1">0</subfield>
    <subfield code="4">0</subfield>
    <subfield code="7">0</subfield>
    <subfield code="a">BCEJYS</subfield>
    <subfield code="b">BCEJYS</subfield>
    <subfield code="c">17</subfield>
    <subfield code="d">1977-03-01</subfield>
    <subfield code="h">Vol. 87, N&#xBA; 345 - mar. 1977</subfield>
    <subfield code="l">0</subfield>
    <subfield code="o">H330 JOU 345</subfield>
    <subfield code="p">R06250</subfield>
    <subfield code="r">2026-04-10 16:07:17</subfield>
    <subfield code="w">2026-04-10</subfield>
    <subfield code="y">RN</subfield>
  </datafield>
</record>
